000
00282nam a22001337a 4500
008
170405b xxu||||| |||| 00| 0 eng d
020
_a
047191228X
041
_a
eng
080
_a
574
100
_a
9
101
_a
SHM
245
_a
PLANT MOLLUSCICIDES
_c
MOTT, K.E
942
_2
udc
_c
BK
999
_c
9772
_d
9772